[Event "Olimpiade 2014 - Open"]
[Site "Tromsø"]
[Date "03.08.2014"]
[Round "2.71"]
[Board "4"]
[White "Ribera Bazan, Jose"]
[Black "Lemon, Eliman"]
[Result "1-0"]
[WhiteElo "2117"]
[BlackElo "1884"]
[WhiteTeam "Andorra"]
[BlackTeam "Gambia"]
[WhiteFideId "6900305"]
[BlackFideId "21100063"]
[EventDate "2014.08.02"]

1. d4 d5 2. c4 Nc6 3. Nf3 dxc4 4. e4 e6 5. Bxc4 Nf6 6. e5 Nd5 7. O-O Be7 8. Nc3
Nxc3 9. bxc3 O-O 10. Bd3 b6 11. Qe2 Bb7 12. Qe4 g6 13. Qg4 Nb8 14. Bh6 Re8 15.
Ng5 Nd7 16. Qf4 Bxg5 17. Bxg5 Qc8 18. Rfe1 Kg7 19. Re3 Rh8 20. Bh6+ Kg8 21. Rd1
Qe8 22. h3 a6 23. Bc4 b5 24. Bb3 c6 25. c4 Qe7 26. d5 c5 27. dxe6 fxe6 28. Red3
Bc8 29. Rd6 b4 30. Ba4 Ra7 31. Bxd7 Rxd7 32. Rxd7 Bxd7 1-0

[Event "Olimpiade 2014 - Open"]
[Site "Tromsø"]
[Date "03.08.2014"]
[Round "2.72"]
[Board "1"]
[White "Salih, Akar Ali Salih"]
[Black "Banlock, Benjamin Didier"]
[Result "1-0"]
[WhiteTitle "FM"]
[WhiteElo "2315"]
[BlackElo "2054"]
[WhiteTeam "Iraq"]
[BlackTeam "Cameroon"]
[WhiteFideId "4800575"]
[BlackFideId "15800059"]
[EventDate "2014.08.02"]

1. e4 e6 2. d4 d5 3. Nd2 Be7 4. Ngf3 dxe4 5. Nxe4 Nf6 6. Bd3 Nbd7 7. Qe2 c5 8.
Nxf6+ Nxf6 9. dxc5 Qa5+ 10. Bd2 Qxc5 11. O-O-O Bd7 12. Ne5 Bc6 13. Nxc6 bxc6 14.
Kb1 O-O 15. c4 Rab8 16. Bc3 Rfd8 17. g4 Rb7 18. Rhg1 Rdb8 19. Rd2 Qg5 20. f4 Qc5
21. Rg3 Nd7 22. g5 g6 23. Rh3 Nf8 24. Rg3 Bd6 25. Qe4 Qb6 26. Rc2 Bb4 27. c5 Qa5
28. Be5 Rc8 29. Bd4 Nd7 30. Qe3 Rcb8 31. Bxg6 Bxc5 32. Bxh7+ Kf8 33. Bxc5+ Nxc5
34. Qxc5+ Qxc5 35. Rxc5 Rxb2+ 36. Kc1 Rxh2 37. Bc2 Rh1+ 38. Kd2 Rb2 39. a3 Rf1
40. Kc3 Rb6 41. f5 Ra1 42. Kd2 exf5 43. Rxf5 Rb5 44. Rgf3 Rxf5 45. Rxf5 Rxa3 46.
g6 Rg3 47. Rxf7+ Kg8 48. Rxa7 c5 49. Rc7 Rg5 50. Bb3+ Kh8 51. Rh7# 1-0

[Event "Olimpiade 2014 - Open"]
[Site "Tromsø"]
[Date "03.08.2014"]
[Round "2.72"]
[Board "2"]
[White "Agbor Ebot, John"]
[Black "Noah, A .H. Al-Ali"]
[Result "0-1"]
[BlackTitle "IM"]
[WhiteElo "1931"]
[BlackElo "2326"]
[WhiteTeam "Cameroon"]
[BlackTeam "Iraq"]
[WhiteFideId "16400216"]
[BlackFideId "4800249"]
[EventDate "2014.08.02"]

1. d4 Nf6 2. c4 d6 3. Nf3 Nbd7 4. Nc3 e5 5. Bg5 Be7 6. e3 O-O 7. Be2 b6 8. Qc2
Bb7 9. O-O Re8 10. Rfd1 Qc8 11. Rac1 Bd8 12. d5 h6 13. Bh4 Nh7 14. Bd3 Nhf8 15.
b4 Bxh4 16. Nxh4 Nf6 17. h3 a5 18. a3 axb4 19. axb4 Qd7 20. Nf5 g6 21. Ng3 h5
22. Qe2 Qe7 23. Qb2 N8d7 24. Re1 h4 25. Nf1 Nh5 26. Be2 Ng7 27. Nb5 Nf6 28. Nd2
c6 29. dxc6 Bxc6 30. Nc3 Nf5 31. Bf3 e4 32. Be2 Qe5 33. Nb3 g5 34. Qd2 Ra3 35.
Nd4 Nxd4 36. exd4 Qf4 37. Qe3 Rea8 38. Bf1 Qxe3 39. Rxe3 Kg7 40. Rce1 Ra1 41. d5
Bd7 42. Nxe4 Rxe1 43. Rxe1 Nxe4 44. Rxe4 Ra4 45. Re7 Bf5 46. b5 Kf6 47. Re1 Rb4
48. f3 Rb1 49. Re3 Bg6 50. Kf2 Rb2+ 51. Be2 Bc2 52. g3 Bf5 53. f4 gxf4 54. gxf4
Bg6 55. Ke1 Kf5 56. Bg4+ Kxf4 57. Re8 f5 58. Be2 Bxe8 0-1

[Event "Olimpiade 2014 - Open"]
[Site "Tromsø"]
[Date "03.08.2014"]
[Round "2.72"]
[Board "4"]
[White "Makem, Pierre"]
[Black "Al-Khattab, Ghassan M. Ali Ajmed"]
[Result "0-1"]
[WhiteTitle "CM"]
[BlackTitle "FM"]
[WhiteElo "1928"]
[BlackElo "2140"]
[WhiteTeam "Cameroon"]
[BlackTeam "Iraq"]
[WhiteFideId "11000805"]
[BlackFideId "4800168"]
[EventDate "2014.08.02"]

1. Nf3 Nf6 2. d4 e6 3. e3 c5 4. Bd3 Nc6 5. O-O Be7 6. c4 d5 7. Nc3 O-O 8. a3 a6
9. dxc5 Bxc5 10. Na4 Bd6 11. cxd5 exd5 12. h3 Re8 13. b4 b5 14. Qc2 Ne5 15. Nxe5
Bxe5 16. Nb2 Bb7 17. Rb1 Rc8 18. Qe2 d4 19. Bf5 Rc3 20. Nd3 Qd5 21. f3 Bb8 22.
Be4 Nxe4 23. fxe4 Qxe4 24. Rd1 Rxd3 25. Rxd3 Qe5 26. Qf2 Qh2+ 27. Kf1 Be4 28.
Rbb3 Qh1+ 29. Ke2 Qxc1 30. Qe1 Bxd3+ 31. Rxd3 Rxe3+ 32. Rxe3 Qxe3+ 33. Kf1 Qxe1+
34. Kxe1 f5 0-1

[Event "Olimpiade 2014 - Open"]
[Site "Tromsø"]
[Date "03.08.2014"]
[Round "2.73"]
[Board "1"]
[White "Fancy, Stuart"]
[Black "Almedina Ortiz, Edgardo J."]
[Result "1-0"]
[WhiteTitle "FM"]
[BlackTitle "FM"]
[WhiteElo "2036"]
[BlackElo "2277"]
[WhiteTeam "Papua New Guinea"]
[BlackTeam "Puerto Rico"]
[WhiteFideId "9100024"]
[BlackFideId "3100197"]
[EventDate "2014.08.02"]

1. Nc3 d5 2. e4 d4 3. Nce2 c5 4. Ng3 Nc6 5. Bc4 e6 6. f4 a6 7. a4 Qa5 8. b3 b5
9. Be2 Rb8 10. Nf3 Nf6 11. O-O Be7 12. axb5 Qxa1 13. bxc6 O-O 14. Ne5 Ne8 15. f5
Nc7 16. Bc4 Bd6 17. Nd3 e5 18. Qh5 Ne8 19. f6 Be6 20. Bxe6 g6 21. Qf3 fxe6 22.
f7+ Kh8 23. fxe8=Q Rbxe8 24. Qg4 Rxf1+ 25. Kxf1 c4 26. bxc4 Qa4 27. c5 Bc7 28.
Qg5 Qxc2 29. Ke2 Qc4 30. h4 Qb5 31. h5 Qxc6 32. hxg6 Qd7 33. Nh5 Bd8 34. Qxe5+
Kg8 35. c6 Qe7 36. Ba3 Bc7 37. gxh7+ Qxh7 38. Qg5+ Kh8 39. Nf6 Bd8 40. Nxh7 Bxg5
41. Nxg5 Kg7 42. Nc5 e5 43. c7 Kf6 44. Nge6 Rc8 45. g4 a5 46. Kd3 Ke7 47. Kc4
Kd6 48. g5 Kc6 49. g6 a4 50. Nd8+ Kxc7 51. g7 1-0

[Event "Olimpiade 2014 - Open"]
[Site "Tromsø"]
[Date "03.08.2014"]
[Round "2.73"]
[Board "2"]
[White "Montalvo Rosario, Alejandro"]
[Black "Marko, Helmut"]
[Result "1-0"]
[WhiteTitle "IM"]
[BlackTitle "CM"]
[WhiteElo "2296"]
[BlackElo "1953"]
[WhiteTeam "Puerto Rico"]
[BlackTeam "Papua New Guinea"]
[WhiteFideId "3100260"]
[BlackFideId "9100032"]
[EventDate "2014.08.02"]

1. d4 g6 2. e4 Bg7 3. Nc3 c5 4. dxc5 Bxc3+ 5. bxc3 Qa5 6. Qd4 Nf6 7. Qb4 Qxb4 8.
cxb4 Nxe4 9. Bb2 O-O 10. Bd3 d5 11. f3 Nf6 12. Ne2 Nbd7 13. O-O Ne8 14. c4 Nc7
15. Nf4 dxc4 16. Bxc4 b5 17. Bb3 a5 18. a3 Bb7 19. Rfe1 e6 20. Rad1 Rfd8 21. Rd6
Ne8 22. Nxe6 Nxd6 23. Nxd8 Rxd8 24. cxd6 a4 25. Ba2 Nb6 26. Bf6 Rb8 27. Bd4 Bd5
28. Bxd5 Nxd5 29. d7 1-0

[Event "Olimpiade 2014 - Open"]
[Site "Tromsø"]
[Date "03.08.2014"]
[Round "2.73"]
[Board "3"]
[White "Jones, Rupert"]
[Black "Santana Otero, Orlando"]
[Result "1/2-1/2"]
[WhiteTitle "FM"]
[WhiteElo "1899"]
[BlackElo "2125"]
[WhiteTeam "Papua New Guinea"]
[BlackTeam "Puerto Rico"]
[WhiteFideId "9100121"]
[BlackFideId "3100090"]
[EventDate "2014.08.02"]

1. e4 c5 2. Nc3 Nc6 3. g3 g6 4. Bg2 Bg7 5. d3 e6 6. Be3 d6 7. Qd2 Nge7 8. Bh6
O-O 9. Bxg7 Kxg7 10. h4 h5 11. Nge2 e5 12. O-O-O Be6 13. Kb1 Rb8 14. f4 f5 15.
Rhf1 Nd4 16. Rf2 b5 17. Rdf1 Qa5 18. Nc1 c4 19. fxe5 dxe5 20. Qg5 Rf6 21. exf5
Ndxf5 22. Ne4 Rf7 23. Nd6 Rf6 24. Ne4 Rf7 25. Nd6 Rf6 26. Ne4 Rf7 27. Nd6 Rf6 1/2-1/2

[Event "Olimpiade 2014 - Open"]
[Site "Tromsø"]
[Date "03.08.2014"]
[Round "2.74"]
[Board "1"]
[White "Hasford, John Kojo"]
[Black "Pascoal, Eduardo A"]
[Result "1-0"]
[BlackTitle "FM"]
[WhiteElo "2055"]
[BlackElo "2181"]
[WhiteTeam "Ghana"]
[BlackTeam "Angola"]
[WhiteFideId "12600083"]
[BlackFideId "10100326"]
[EventDate "2014.08.02"]

1. d4 Nf6 2. Nf3 e6 3. g3 b6 4. Bg2 Bb7 5. O-O c5 6. c3 Be7 7. Bf4 O-O 8. Nbd2
Nc6 9. e4 cxd4 10. Nxd4 d5 11. e5 Nd7 12. Nxc6 Bxc6 13. Nf3 a5 14. Nd4 Bb7 15.
Qg4 Kh8 16. Rfe1 Rc8 17. Bf1 Nc5 18. Bb5 Ba6 19. Rad1 Bxb5 20. Nxb5 Nb7 21. h4
Qd7 22. a4 Nc5 23. Be3 Rfd8 24. Bg5 Nb7 25. Rd4 Re8 26. Qh5 f6 27. Bf4 f5 28.
Bg5 Rf8 29. Bf4 Nc5 30. Qd1 Qe8 31. Nd6 Bxd6 32. exd6 Qd7 33. c4 dxc4 34. Rxc4
Ne4 35. Rc7 Rxc7 36. dxc7 Qe7 37. Qd4 Re8 38. Rc1 Nc5 39. Rd1 Na6 40. Qxb6 Nxc7
41. Qxc7 Kg8 42. Rd7 1-0

[Event "Olimpiade 2014 - Open"]
[Site "Tromsø"]
[Date "03.08.2014"]
[Round "2.74"]
[Board "2"]
[White "Domingos, Catarino"]
[Black "Anquandah, Francis Eric"]
[Result "1-0"]
[WhiteTitle "FM"]
[WhiteElo "2280"]
[BlackElo "1963"]
[WhiteTeam "Angola"]
[BlackTeam "Ghana"]
[WhiteFideId "10100253"]
[BlackFideId "12600148"]
[EventDate "2014.08.02"]

1. Nf3 Nf6 2. c4 e6 3. g3 b6 4. Bg2 Bb7 5. O-O Be7 6. d3 O-O 7. e4 d6 8. Nc3 c5
9. Re1 Nc6 10. d4 e5 11. dxe5 dxe5 12. Nd5 Qd6 13. Bg5 Nd4 14. Bd2 Rfe8 15. Nxd4
cxd4 16. Bb4 Qd7 17. Nxe7+ Rxe7 18. Bxe7 Qxe7 19. Qa4 Qc5 20. Rac1 Bc6 21. Qd1
Rd8 22. Qd3 a5 23. Red1 h6 24. Bf3 g6 25. Re1 Kg7 26. Rb1 b5 27. cxb5 Bxb5 28.
Qd2 Qb6 29. b4 a4 30. Rbc1 Nd7 31. Bg4 Nf6 32. Bf3 Nd7 33. a3 Qe6 34. Be2 d3 35.
Bxd3 Nf6 36. Rc3 Qd6 37. Qe3 Ng4 38. Qf3 Bxd3 39. Qxg4 Qd4 40. Rcc1 Rd6 41. Qf3
Rf6 42. Qe3 Qb2 43. Rcd1 Bc4 44. Qc5 Be6 45. b5 Qb3 46. Rd8 g5 47. Rd6 Qf3 48.
Qe3 Qh5 49. b6 Rf3 50. Qc5 Bh3 51. Qxe5+ Kh7 52. Rd8 Qg4 53. b7 Rf4 54. Rh8+ Kg6
55. Qxf4 1-0

[Event "Olimpiade 2014 - Open"]
[Site "Tromsø"]
[Date "03.08.2014"]
[Round "2.74"]
[Board "4"]
[White "Simoes, Joao ANG"]
[Black "Thompson, Edward Nii Lamptey"]
[Result "1-0"]
[WhiteTitle "CM"]
[WhiteElo "2245"]
[BlackElo "1854"]
[WhiteTeam "Angola"]
[BlackTeam "Ghana"]
[WhiteFideId "10100520"]
[BlackFideId "12600113"]
[EventDate "2014.08.02"]

1. d4 Nf6 2. Nf3 g6 3. c4 Bg7 4. Nc3 d5 5. Qb3 c6 6. Bf4 O-O 7. e3 Qb6 8. Qa3
Nbd7 9. Be2 dxc4 10. Bxc4 c5 11. O-O Qb4 12. Qxb4 cxb4 13. Na4 Ne4 14. Rac1 a6
15. Bd3 Nd6 16. Rc7 b5 17. Nc5 Nxc5 18. dxc5 Bf5 19. cxd6 Bxd3 20. dxe7 Rfe8 21.
Rd1 Be2 22. Rd2 Bxf3 23. gxf3 f6 24. Bd6 f5 25. Bxb4 Kf7 26. b3 Bf6 27. f4 a5
28. Bc5 Rac8 29. Rdd7 a4 30. Kf1 axb3 31. axb3 Ke6 32. Rd6+ Kf7 33. Rdc6 Rxc7
34. Rxc7 Bxe7 35. Rb7 Ke6 36. Bxe7 Rxe7 37. Rxb5 Kd6 38. b4 Kc6 39. Rc5+ Kb6 40.
Re5 Rd7 41. Kg2 Kc6 42. b5+ Kd6 43. Re8 Rb7 44. Re5 Rc7 45. Kg3 h6 46. Re8 Rg7
47. Rh8 h5 48. Kh4 Ke6 49. Kg5 Kd5 1-0

[Event "Olimpiade 2014 - Open"]
[Site "Tromsø"]
[Date "03.08.2014"]
[Round "2.75"]
[Board "3"]
[White "Gator, Mosab"]
[Black "Moncur, Cecil"]
[Result "1/2-1/2"]
[WhiteTitle "FM"]
[WhiteElo "2166"]
[BlackElo "1689"]
[WhiteTeam "Libya"]
[BlackTeam "Bahamas"]
[WhiteFideId "1312383"]
[BlackFideId "10400583"]
[EventDate "2014.08.02"]

1. e4 g6 2. Nc3 Bg7 3. d4 c6 4. Nf3 d5 5. e5 Bg4 6. h3 Bxf3 7. Qxf3 Qb6 8. Qd3
e6 9. Bd2 Nd7 10. O-O-O O-O-O 11. Na4 Qc7 12. f4 h5 13. g3 Bf8 14. Bg2 c5 15.
dxc5 Nxc5 16. Nxc5 Bxc5 17. g4 Ne7 18. Kb1 Qb6 19. Rde1 Kb8 20. Bf3 Bf2 21. Ref1
Bc5 22. Qe2 hxg4 23. hxg4 Rc8 24. Qe1 a6 25. Ba5 Qa7 26. Rxh8 Rxh8 27. Rh1 Rxh1
28. Qxh1 Bb6 29. Bc3 Be3 30. Qh8+ Nc8 31. Qf6 Bd4 32. Bd2 Qb6 33. b3 Be3 34. Bc3
Qc7 35. Be1 Qd7 36. Be2 Bc5 37. Bd3 Na7 38. Qh8+ Nc8 39. Qh7 Qc7 40. Qh3 Ne7 41.
Qh8+ Ka7 42. Qg7 Nc6 43. Bxg6 Be3 44. Qxf7 Qxf7 45. Bxf7 Bxf4 46. Bxe6 Nxe5 47.
Kb2 Kb6 48. Kc3 Kc6 49. Bf2 Kd6 50. Bc8 Kc7 51. Bf5 Kd6 52. a4 Nc6 53. Kd3 Nb4+
54. Ke2 Ke5 55. Kf3 Bd2 56. Be3 Bc3 57. Bh7 b5 58. axb5 axb5 59. g5 Ke6 60. Kg4
Kf7 61. Bd3 Nxd3 62. cxd3 Kg6 63. d4 Bb4 1/2-1/2

[Event "Olimpiade 2014 - Open"]
[Site "Tromsø"]
[Date "03.08.2014"]
[Round "2.75"]
[Board "4"]
[White "Whyms, Chappell"]
[Black "Asabri, Hussien"]
[Result "0-1"]
[BlackTitle "FM"]
[WhiteElo "1622"]
[BlackElo "2202"]
[WhiteTeam "Bahamas"]
[BlackTeam "Libya"]
[WhiteFideId "10400125"]
[BlackFideId "9200177"]
[EventDate "2014.08.02"]

1. d4 Nf6 2. c4 c5 3. d5 g6 4. Nc3 Bg7 5. e4 d6 6. Nf3 O-O 7. Be2 e6 8. Nd2 exd5
9. cxd5 a6 10. a4 Re8 11. O-O Nbd7 12. f4 c4 13. Nxc4 Nxe4 14. Nxe4 Rxe4 15. Be3
Qe7 16. Qd2 Nc5 17. Ra3 Bd7 18. Nb6 Re8 19. b4 Nxa4 20. Nxa4 Rxe3 21. Bd3 Bf5
22. Nc5 dxc5 23. d6 Qxd6 0-1

[Event "Olimpiade 2014 - Open"]
[Site "Tromsø"]
[Date "03.08.2014"]
[Round "2.76"]
[Board "1"]
[White "Arias, Lemnys A."]
[Black "Klaas, Tokelo"]
[Result "1-0"]
[WhiteTitle "IM"]
[WhiteElo "2329"]
[BlackElo "1653"]
[WhiteTeam "El Salvador"]
[BlackTeam "Lesotho"]
[WhiteFideId "6700284"]
[BlackFideId "21300020"]
[EventDate "2014.08.02"]

1. e4 c5 2. Nf3 d6 3. d4 cxd4 4. Nxd4 Nf6 5. Nc3 a6 6. g3 e5 7. Nb3 Be6 8. Bg2
Be7 9. Bg5 Nbd7 10. O-O O-O 11. Re1 Rc8 12. Nd2 b5 13. Bxf6 Nxf6 14. Nf1 Qb6 15.
a3 Rc5 16. Ne3 Rfc8 17. Qd3 g6 18. h3 Qb7 19. Red1 Qa7 20. g4 h6 21. Bf3 Kg7 22.
Bg2 Kg8 23. Rd2 Qb8 24. Ne2 Qb6 25. Kh1 Bc4 26. Nxc4 Rxc4 27. Nc3 Rd4 28. Qe3
Qc5 29. Rad1 Rxd2 30. Qxd2 Kg7 31. Qe1 Kh7 32. Qe2 Kg7 33. Rd2 Kh7 34. Nd1 Qc4
35. Ne3 Qxe2 36. Rxe2 Rc6 37. c3 Bd8 38. Nc2 a5 39. Rd2 Bb6 40. f3 Bd8 41. Bf1
Rb6 42. Kg2 Ne8 43. Ne3 Bg5 44. Rd3 Bxe3 45. Rxe3 Nc7 46. Kf2 Ne6 47. b4 a4 48.
Ke1 Nf4 49. h4 Kg7 50. Kd2 f6 51. Re1 Kf8 52. Rc1 Ke7 53. c4 bxc4 54. Bxc4 Kd7
55. Bf7 Rb7 56. h5 g5 57. Rc2 Kd8 58. Bc4 Kd7 59. Bg8 Rb8 60. Bh7 Ne6 61. Bf5
Ke7 62. Bxe6 Kxe6 63. Rc6 Ra8 64. Kc3 Kd7 65. b5 Ra5 66. Kb4 Ra8 67. Rc1 Ra7 68.
Rc6 Ra8 69. Ra6 Rc8 70. Ra7+ Ke6 71. Rxa4 Rc2 72. b6 Rb2+ 73. Ka5 Kd7 74. Rb4
Rxb4 75. Kxb4 Kc6 76. Kc4 1-0

[Event "Olimpiade 2014 - Open"]
[Site "Tromsø"]
[Date "03.08.2014"]
[Round "2.76"]
[Board "2"]
[White "Mohatlane, Liteboho"]
[Black "Arias, Daniel"]
[Result "0-1"]
[BlackTitle "FM"]
[WhiteElo "1577"]
[BlackElo "2126"]
[WhiteTeam "Lesotho"]
[BlackTeam "El Salvador"]
[WhiteFideId "14317265"]
[BlackFideId "6700640"]
[EventDate "2014.08.02"]

1. e4 c5 2. Nf3 d6 3. d4 cxd4 4. Nxd4 Nf6 5. Nc3 a6 6. Be2 e5 7. Nb3 Be7 8. Be3
Be6 9. O-O Nbd7 10. f4 Rc8 11. f5 Bc4 12. Bxc4 Rxc4 13. Qf3 b5 14. a3 Nb6 15.
Rad1 Na4 16. Nd2 Nxc3 17. Nxc4 Nxd1 18. Nxd6+ Qxd6 19. Rxd1 Qc6 20. Qg3 Qxe4 21.
Bb6 O-O 22. c3 Qxf5 23. Bc7 Bc5+ 24. Kh1 Ne4 0-1

[Event "Olimpiade 2014 - Open"]
[Site "Tromsø"]
[Date "03.08.2014"]
[Round "2.76"]
[Board "3"]
[White "Chavez, Ricardo Ernesto"]
[Black "Latela, Kananelo"]
[Result "1-0"]
[WhiteTitle "FM"]
[WhiteElo "2165"]
[BlackElo "1479"]
[WhiteTeam "El Salvador"]
[BlackTeam "Lesotho"]
[WhiteFideId "6700098"]
[BlackFideId "14317206"]
[EventDate "2014.08.02"]

1. e4 c5 2. Nf3 d6 3. Bb5+ Bd7 4. a4 a6 5. Bc4 e6 6. O-O Nf6 7. Re1 Be7 8. c3
O-O 9. d4 cxd4 10. Qxd4 Nc6 11. Qd1 Rc8 12. Nbd2 d5 13. Bd3 dxe4 14. Nxe4 Qc7
15. Nfg5 g6 16. Qe2 h6 17. Nf3 Kg7 18. Nxf6 Bxf6 19. Qe4 Ne7 20. Bf4 Qc6 21. Qe3
Rh8 22. Ne5 Bxe5 23. Bxe5+ f6 24. Be4 Nd5 25. Bxf6+ Kxf6 26. Bxd5 Qxd5 27. Rad1
Qc5 28. Rxd7 Qxe3 29. Rxe3 Rb8 30. Kf1 Rhd8 31. Red3 Rxd7 32. Rxd7 b5 33. a5 Rc8
34. Rd6 Ra8 35. Ke2 Ke5 36. Rb6 g5 37. f3 h5 38. g3 g4 39. f4+ Kf5 40. Ke3 Ra7
41. Rc6 Ra8 42. Rd6 e5 43. Rd5 Re8 44. Rxe5+ Rxe5+ 45. fxe5 Kxe5 46. Kd3 Kd5 47.
b3 Kc5 48. Ke4 Kd6 49. Kd4 Kc6 50. c4 bxc4 51. bxc4 Kd6 52. c5+ Kc6 53. Kc4 Kc7
54. Kd5 Kd7 55. c6+ Kc7 56. Ke4 1-0

[Event "Olimpiade 2014 - Open"]
[Site "Tromsø"]
[Date "03.08.2014"]
[Round "2.78"]
[Board "2"]
[White "Kigigha, Bomo"]
[Black "Kouevi, Mawuvi Koue"]
[Result "1-0"]
[WhiteTitle "CM"]
[WhiteElo "2197"]
[BlackElo "1841"]
[WhiteTeam "Nigeria"]
[BlackTeam "Togo"]
[WhiteFideId "8500037"]
[BlackFideId "21200041"]
[EventDate "2014.08.02"]

1. c4 g6 2. Nc3 Bg7 3. g3 d6 4. Bg2 c6 5. e4 b6 6. Nge2 Bb7 7. O-O Nd7 8. d4
Ngf6 9. h3 O-O 10. Be3 e5 11. Qd2 Re8 12. Rad1 Qc7 13. f4 exd4 14. Nxd4 Rad8 15.
Rfe1 Nc5 16. Bf2 Ne6 17. f5 Nxd4 18. Bxd4 a6 19. Be3 c5 20. Bf4 Qc8 21. g4 Re7
22. e5 Bxg2 23. exf6 Rxe1+ 24. Rxe1 Bxh3 25. fxg7 Bxg4 26. Nd5 Qa8 27. Bh6 f6
28. Nxf6+ Kf7 29. fxg6+ hxg6 30. Nxg4 Kg8 31. Qf4 Qb8 32. Nf6+ Kf7 33. g8=Q+ 1-0

[Event "Olimpiade 2014 - Open"]
[Site "Tromsø"]
[Date "03.08.2014"]
[Round "2.78"]
[Board "3"]
[White "Fumey, Enyonam Sewa"]
[Black "Ajibowo, Olamide Patrick"]
[Result "0-1"]
[BlackTitle "FM"]
[WhiteElo "1833"]
[BlackElo "2168"]
[WhiteTeam "Togo"]
[BlackTeam "Nigeria"]
[WhiteFideId "21200033"]
[BlackFideId "8500444"]
[EventDate "2014.08.02"]

1. e4 c5 2. f4 e6 3. Nf3 d5 4. exd5 exd5 5. d4 Nf6 6. Be2 Nc6 7. c3 Be7 8. Be3
Ng4 9. Bg1 c4 10. Nbd2 O-O 11. Ne5 Nh6 12. Bf2 f6 13. Nef3 Bd6 14. O-O Bxf4 15.
Kh1 Re8 16. b3 cxb3 17. Nxb3 Bd6 18. Bd3 Bf5 19. Qc2 Be4 20. Nbd2 f5 21. Rab1
Qc7 22. h3 Kh8 23. Ng5 Rac8 24. Bxe4 dxe4 25. d5 Nb4 26. Rxb4 Bxb4 27. Ne6 Qxc3
28. Qxc3 Bxc3 29. Nb3 b6 30. Bd4 Kg8 31. Kg1 g6 32. a4 Rc4 33. a5 Rxe6 34. Be3
Rd6 35. axb6 axb6 0-1

[Event "Olimpiade 2014 - Open"]
[Site "Tromsø"]
[Date "03.08.2014"]
[Round "2.79"]
[Board "1"]
[White "Alice, Mateus Felizardo Viageiro"]
[Black "Kabera, Godfrey"]
[Result "1-0"]
[WhiteTitle "FM"]
[BlackTitle "CM"]
[WhiteElo "2121"]
[BlackElo "1909"]
[WhiteTeam "Mozambique"]
[BlackTeam "Rwanda"]
[WhiteFideId "14800047"]
[BlackFideId "16000080"]
[EventDate "2014.08.02"]

1. e4 e6 2. d4 d5 3. Nd2 Nf6 4. e5 Nfd7 5. Bd3 c5 6. c3 Nc6 7. Ne2 a6 8. a4 b6
9. f4 cxd4 10. cxd4 Qh4+ 11. Kf1 f5 12. exf6 Qxf6 13. Nf3 Bd6 14. Kf2 O-O 15.
Bxh7+ Kh8 16. Bb1 Nb4 17. Rf1 Bb7 18. Kg1 g6 19. Qe1 Kg7 20. Nh4 Rh8 21. Nxg6
Rh6 22. Ne5 Nf8 23. Ng4 Qh4 24. Nxh6 Qxh6 25. Ra3 Kf7 26. Rh3 Qf6 27. f5 e5 28.
Rh6 Qe7 29. Qg3 Bc7 30. Rh7+ Nxh7 31. Qg6+ Kf8 32. Bh6+ 1-0

[Event "Olimpiade 2014 - Open"]
[Site "Tromsø"]
[Date "03.08.2014"]
[Round "2.80"]
[Board "1"]
[White "Lettsome, Maurice"]
[Black "Kulpruethanon, Thanadon"]
[Result "0-1"]
[WhiteElo "1783"]
[BlackElo "2143"]
[WhiteTeam "British Virgin Isles"]
[BlackTeam "Thailand"]
[WhiteFideId "2700093"]
[BlackFideId "6201610"]
[EventDate "2014.08.02"]

1. c4 c5 2. Nf3 Nf6 3. g3 b6 4. Bg2 Bb7 5. Nc3 e6 6. d3 Be7 7. O-O O-O 8. Bf4 d6
9. Qd2 a6 10. e4 Nc6 11. e5 dxe5 12. Nxe5 Nxe5 13. Bxb7 Ra7 14. Bg2 Qxd3 15. Qe2
Qxe2 16. Nxe2 Nxc4 17. b3 Nb2 18. Rab1 Nd3 19. Rfd1 Nxf4 20. Nxf4 Rd8 21. Rxd8+
Bxd8 22. Rd1 Rd7 23. Rxd7 Nxd7 24. Bc6 Ne5 25. Bb7 a5 26. Kf1 Bg5 27. Nxe6 fxe6
28. f4 Bxf4 29. gxf4 Ng6 30. f5 exf5 31. Bd5+ Kf8 32. Be6 f4 33. Kf2 Ne5 34. Bf5
h6 35. a4 g5 36. h3 Ke7 37. Be4 Kd6 38. Ke2 c4 39. bxc4 Kc5 40. Bd5 Nxc4 0-1

[Event "Olimpiade 2014 - Open"]
[Site "Tromsø"]
[Date "03.08.2014"]
[Round "2.80"]
[Board "2"]
[White "Kongsee, Uaychai"]
[Black "Christopher, Art"]
[Result "1-0"]
[WhiteElo "2251"]
[BlackElo "1668"]
[WhiteTeam "Thailand"]
[BlackTeam "British Virgin Isles"]
[WhiteFideId "6200346"]
[BlackFideId "2700085"]
[EventDate "2014.08.02"]

1. e4 e5 2. Nf3 Nc6 3. d4 exd4 4. Bc4 Qe7 5. O-O Ne5 6. Nxe5 Qxe5 7. c3 dxc3 8.
Nxc3 Bc5 9. Qb3 Qh5 10. Nb5 Bb6 11. Bf4 c6 12. Bxf7+ 1-0

[Event "Olimpiade 2014 - Open"]
[Site "Tromsø"]
[Date "03.08.2014"]
[Round "2.81"]
[Board "3"]
[White "Lima, Osvaldo Dos Santos"]
[Black "Ahmed Holi Ali, Moawia"]
[Result "0-1"]
[BlackTitle "CM"]
[WhiteElo "1751"]
[BlackElo "2067"]
[WhiteTeam "Sao Tome & Principe"]
[BlackTeam "Sudan"]
[WhiteFideId "14306352"]
[BlackFideId "12200328"]
[EventDate "2014.08.02"]

1. c4 g6 2. Nc3 Bg7 3. g3 Nf6 4. Bg2 c5 5. d3 O-O 6. Nf3 Nc6 7. e4 d6 8. O-O Bg4
9. h3 Be6 10. Bg5 Qd7 11. Kh2 h6 12. Be3 a6 13. Qd2 Kh7 14. Ng1 Ng8 15. f4 f5
16. Nd5 Qd8 17. Ne2 Bd7 18. Rab1 Rb8 19. a3 b5 20. cxb5 axb5 21. b4 fxe4 22.
dxe4 c4 23. Ndc3 Qc8 24. Rfd1 Be6 25. g4 Rd8 26. f5 Bf7 27. Nf4 g5 28. Nfd5 Ne5
29. Kh1 e6 30. fxe6 Bxe6 31. Bd4 Qd7 32. Ne3 Nd3 33. Bxg7 Qxg7 34. Nf5 Qe5 35.
Rf1 Rf8 36. Ne2 Bxf5 37. gxf5 Nf6 38. Qc3 Rfe8 39. Qxe5 Rxe5 40. Nc3 Nh5 41. Kh2
Nhf4 42. Bf3 h5 43. Rg1 Kh6 44. Rg3 Nf2 45. Bg2 Nxg2 46. Rxg2 Nxe4 47. Nxe4 Rxe4
48. Rd2 Rb6 49. Rbd1 Kg7 50. Rxd6 Rxd6 51. Rxd6 c3 52. Rg6+ Kf7 53. Rxg5 Re2+
54. Kh1 Re1+ 55. Kh2 c2 0-1

[Event "Olimpiade 2014 - Open"]
[Site "Tromsø"]
[Date "03.08.2014"]
[Round "2.84"]
[Board "1"]
[White "Obodchuk, Andrei"]
[Black "Hernandez, Roberto PLW"]
[Result "1-0"]
[WhiteTitle "IM"]
[WhiteElo "2372"]
[BlackElo "1845"]
[WhiteTeam "IPCA"]
[BlackTeam "Palau"]
[WhiteFideId "4114310"]
[BlackFideId "16600010"]
[EventDate "2014.08.02"]

1. d4 d6 2. e4 g6 3. Nc3 Bg7 4. f4 Nf6 5. Nf3 O-O 6. Bd3 Nbd7 7. O-O c5 8. d5 a6
9. a4 Qc7 10. Qe2 Rb8 11. e5 dxe5 12. fxe5 Ng4 13. d6 exd6 14. Nd5 Qd8 15. Bg5
f6 16. e6 Qe8 17. Bh4 Nde5 18. Nxe5 Nxe5 19. e7 Rf7 20. Bxf6 Bg4 21. Qe4 Bf5 22.
Qh4 Nxd3 23. cxd3 Qc6 24. Bxg7 Kxg7 25. Qc4 Be6 26. Rxf7+ Bxf7 27. Qc3+ Kh6 28.
Nf6 g5 29. h3 Kg6 30. Ng4 Kh5 31. Qg7 Kh4 32. Qxf7 d5 33. Re1 Qe8 34. Qxh7+ Kg3
35. Re3+ 1-0